000 00334nam a22001457a 4500
008 211011b ||||| |||| 00| 0 eng d
020 _a9780742564176
041 _aeng
080 _a159.9
082 _a159.9
100 _a48
101 _aPSI
245 _aThe Beginning Psychotherapist's Companion
_cWiller,J
942 _2udc
_cBK
999 _c58153
_d58153